¿Qué formación para los maestros?. (Record no. 11952)

MARC details
000 -LEADER
campo de control de longitud fija 00622nam a2200229 i 4500
001 - NÚMERO DE CONTROL
campo de control 11952
003 - IDENTIFICADOR DE NÚMERO DE CONTROL
campo de control ES-MaACL
005 - FECHA Y HORA DE LA ÚLTIMA TRANSACCIÓN
campo de control 20230906150217.0
007 - CAMPO FIJO DE DESCRIPCIÓN FÍSICA--INFORMACIÓN GENERAL
campo de control de longitud fija t|
008 - DATOS DE LONGITUD FIJA--INFORMACIÓN GENERAL
campo de control de longitud fija 970203s1994 fr ||||1| spa d
020 ## - NÚMERO INTERNACIONAL ESTÁNDAR DEL LIBRO
Número Internacional Estándar del Libro 92-3-302640-X
080 ## - NÚMERO DE LA CLASIFICACIÓN DECIMAL UNIVERSAL
Número de la Clasificación Decimal Universal 371.13
245 01 - MENCIÓN DEL TÍTULO
Título ¿Qué formación para los maestros?.
260 ## - PUBLICACIÓN, DISTRIBUCIÓN, ETC.
Lugar de publicación, distribución, etc. París :
Nombre del editor, distribuidor, etc. UNESCO,
Fecha de publicación, distribución, etc. 1994.
300 ## - DESCRIPCIÓN FÍSICA
Extensión 144 p. ;
Dimensiones 24 cm.
490 1# - MENCIÓN DE SERIE
Mención de serie La biblioteca del docente
650 #4 - PUNTO DE ACCESO ADICIONAL DE MATERIA--TÉRMINO DE MATERIA
Término de materia o nombre geográfico como elemento de entrada Profesores-
Subdivisión general Formación profesional.
9 (RLIN) 16460
710 2# - ENTRADA AGREGADA--NOMBRE DE ENTIDAD CORPORATIVA
Nombre de entidad corporativa o nombre de jurisdicción como elemento de entrada Unesco.
9 (RLIN) 6999
830 1# - PUNTO DE ACCESO ADICIONAL DE SERIE-TÍTULO UNIFORME
Título uniforme La biblioteca del docente
9 (RLIN) 228234
852 ## - LOCALIZACIÓN
Ubicación ES-MaACL
Número de control de estantería L-19356
Holdings
Estatus retirado Estado de pérdida Estado de daño No para préstamo Biblioteca de origen Biblioteca actual Ubicación en estantería Fecha de adquisición Fuente de adquisición Total de préstamos Signatura topográfica completa Código de barras Visto por última vez Precio de reemplazo Tipo de ítem Koha
        Biblioteca del Ateneo de Madrid Biblioteca del Ateneo de Madrid Depósito 2 17/01/2008     L-19356 1012179 23/02/2023 23/02/2023 Libro impreso